Music Quiz

Random Music or Word Play Quiz
Score 0/28 Timer 05:00
2 Plays Today
% Correct
Dead Pet
96.4%
Screaming Child
96.2%
Airplane Crash
96.1%
Butthole Wind
96.1%
Panic Attack
95.3%
Meat Sweat
95%
Eye Goo
94.5%
Barenaked Presidents
94.4%
Hammer Finger
94.1%
Run Miles
93.4%
Club Seals
93.1%
Old Age
92.2%
Clown Cannibals
92%
Bad Gas
91.8%
% Correct
Trans Fats
91.4%
Bloody Gore
90.1%
Plain Jane
90%
Living Dead
89%
Dirty Mouth
88.2%
10,000 Rats
87.7%
Yellow Snow
87.5%
Eat Prunes
86.3%
Stiff Back
86%
Roach Motel
84.8%
Fat Lips
84.3%
Moody Brat
83.6%
Ghost Asylum
83.4%
Broken Bone
79.1%
Remove Ads.
Support Sporcle.
Get the best of Sporcle when you Go Orange. This ad-free experience offers more features, more stats, and more fun while also helping to support Sporcle. Thank you for becoming a member.

You're not logged in!

Compare scores with friends on all Sporcle quizzes.
OR
Log In

Show Comments

Extras

Top Quizzes Today


Score Distribution

Your Account Isn't Verified!

In order to create a playlist on Sporcle, you need to verify the email address you used during registration. Go to your Sporcle Settings to finish the process.

Report this User

Report this user for behavior that violates our Community Guidelines.

Details: